| 000 | 00521nam a2200181Ia 4500 | ||
|---|---|---|---|
| 003 | OSt | ||
| 005 | 20260128160541.0 | ||
| 008 | 210210b1932 xxu||||| |||| 00| 0 eng d | ||
| 040 | _cAL | ||
| 041 | _aKannada | ||
| 082 | _a853/486 | ||
| 100 |
_aSHRINIVASA _9162002 _d ಶ್ರೀನಿವಾಸ. |
||
| 245 |
_aShivachatrapati: _bಶಿವಛತ್ರಪತಿ |
||
| 260 |
_aBengaluru _bBengaluru Printing and Publishing Company Limited _c1932 |
||
| 690 |
_aKannada Drama _9162003 |
||
| 906 | _a019760 | ||
| 942 |
_2ddc _cBK |
||
| 999 |
_c143901 _d143901 |
||